Intervención del Estado en la tutela de menores. (Registro nro. 8136)

Detalles MARC
000 -LEADER
fixed length control field 01731nam a2200193Ia 4500
005 - FECHA Y HORA DE LA ÚLTIMA TRANSACCIÓN
control field 20241026141011.0
008 - FIXED-LENGTH DATA ELEMENTS--GENERAL INFORMATION
fixed length control field 230506s9999 xx 000 0 und d
020 ## - INTERNATIONAL STANDARD BOOK NUMBER
International Standard Book Number 968363804
040 ## - CATALOGING SOURCE
Original cataloging agency UPAN
Transcribing agency Biblioteca San Vicente
Description conventions RCAA2
041 ## - LANGUAGE CODE
Language code of text/sound track or separate title spa
082 ## - DEWEY DECIMAL CLASSIFICATION NUMBER
Classification number 346.018
Item number B837i
año de publicación 1994
100 ## - MAIN ENTRY--PERSONAL NAME
Personal name Brena Sesma, Ingrid
Relator code aut.
245 #0 - TITLE STATEMENT
Title Intervención del Estado en la tutela de menores.
250 ## - EDITION STATEMENT
Edition statement 1° ed.
260 ## - PUBLICATION, DISTRIBUTION, ETC. (IMPRINT)
Place of publication, distribution, etc Mexico
Name of publisher, distributor, etc UNAM
Date of publication, distribution, etc 1994
300 ## - PHYSICAL DESCRIPTION
Extent 158 p.
Dimensions 21 cm.
505 ## - FORMATTED CONTENTS NOTE
Formatted contents note Capitulo Primero: Desarrollo histórico de la intervención del poder publico en la tutela de menores.<br/>I. Introducción.<br/>II. La tutela como potestad familiar.<br/>III. Intervención de la autoridad pública.<br/>Capitulo Segundo: Sistemas tutelares.<br/>I. Introducción.<br/>II. Sistema de control familiar.<br/>III. Sistemas de autoridad.<br/>IV. Tutela ejercida directamente por el estado.<br/>V. Conclusiones.<br/>Capitulo Tercero: Intervención de los órganos del estado en las funciones tutelares.<br/>Capitulo Cuarto: Intervención del juez.<br/>I. Actividad judicial.<br/>II. Principios que sustentan la actuación judicial.<br/>III. Intervención en las funciones tutelares.<br/>Capitulo Quinto: Intervención del ministerio público en la tutela de menores.<br/>I. Antecedentes.<br/>II. El Ministerio Público como defensor del interés público.<br/>III. Marco legal.<br/>IV. Auxiliar de la función jurisdiccional.<br/>V. Clasificación de las actuaciones del Ministerio Público.<br/>Capitulo Sexto: Intervención de las autoridades administrativas.<br/>I. Ideas generales.<br/>II. Principios que rigen la actuación de los órganos de la administración pública.<br/>III. Órganos administrativos que intervienen en la tutela.<br/>Colofón. Unidad de actuación del estado.
942 ## - ADDED ENTRY ELEMENTS (KOHA)
Koha item type Libros
Source of classification or shelving scheme Dewey Decimal Classification
Existencias
Withdrawn status Lost status Source of classification or shelving scheme Damaged status Not for loan Collection code Home library Current library Date acquired Total Checkouts Full call number Barcode Date last seen Price effective from Koha item type
    Dewey Decimal Classification     Colección General Biblioteca UPAN San Vicente Biblioteca UPAN San Vicente 06/05/2023   346.018 B837i 12000811 06/05/2023 06/05/2023 Libros